01032nam0a22002411 4500001001100000005001700011021001900028035002600047100004100073101000800114102000700122105001800129200020100147210007000348215002200418225008200440606011100522700006400633702003400697801001800731801002200749852001900771rc\436351620250612061417.0 aRUb[64-63773] a(NLR Aleph) 008536850 a20130416d1964 |||y0rusy50 ca0 arus aRU aa z |||||1 aНа наших полях - стопудовый урожайe[Колхоз им. Ильича, Камышлов. производ. упр.fЛит. запись Л.И. Локосовой] aСвердловскcСред.-Урал. кн. изд-воd1964 a32 с.cил.d171 aТрибуна передовиков сельского хозяйства aЗерновые культурыxВозделываниеyСвердловская область2psbo 1aГлызинbД.В.gДмитрий Васильевич 1aЛокосоваbЛ.И.4570 0aRUbNLRgpsbo 1aRUbELAR2rusmarc aNLRj64-2/2413